Normal view
MARC view
- Er. Rajesh G. K (Guide)
Entry Personal Name
001 - CONTROL NUMBER
- control field: 3483
003 - CONTROL NUMBER IDENTIFIER
- control field: OSt
005 - DATE AND TIME OF LATEST TRANSACTION
- control field: 20180929151212.0
008 - FIXED-LENGTH DATA ELEMENTS
- fixed length control field: 180929|| aca||aabn | a|a d
040 ## - CATALOGING SOURCE
- Original cataloging agency: OSt
- Transcribing agency: OSt
100 ## - HEADING--PERSONAL NAME
- Personal name: Er. Rajesh G. K (Guide)
670 ## - SOURCE DATA FOUND
- Source citation: Work cat.: (OSt)15103: ARUN JOSHY GEETHU S KRISHNENDU K. M NIKHIL C. S 3482, Development and performance evaluation of cocoa pod breaker cum bean extractor
